|
|
|
|
| LEADER |
00000nam a2200000 i 4500 |
| 001 |
1/71828 |
| 008 |
080122s2007 eng d |
| 020 |
|
|
|a 978-960-6640-25-4
|
| 035 |
|
|
|l 10094001
|
| 040 |
|
|
|a GR-MY-UA
|b gre
|e aacr
|
| 041 |
0 |
|
|a eng
|
| 082 |
0 |
|
|a 796.334
|2 (22)
|
| 100 |
1 |
|
|a Bray, Ken.
|
| 245 |
1 |
3 |
|a Τα μαθηματικά του ποδοσφαίρου /
|c Ken Bray
|
| 260 |
|
|
|a Αθήνα :
|b Τραυλός,
|c 2007
|
| 300 |
|
|
|a 332 σ.;
|b εικ.;
|c 21 εκ.
|
| 500 |
|
|
|a Μετάφραση του: How to score
|
| 504 |
|
|
|a Βιβλιογραφία: σ. 295-298. Ευρετήριο
|
| 650 |
0 |
0 |
|a Soccer.
|
| 650 |
0 |
0 |
|a Sports sciences.
|
| 852 |
|
|
|a INST
|b SYROS
|e 20080122
|h 796.334 BRA
|p 005500006670
|q 005500006670
|t BK
|y 0
|
| 901 |
|
|
|a BIBL5-2008-1
|
| 909 |
|
|
|a Ε
|b 133418
|
| 922 |
|
|
|a 5ΕΛΗ
|b 200709
|c ΒΙΒΛΙΟΘΗΚΗ ΣΥΡΟΥ
|d GLORYBOOK
|
| 970 |
|
|
|a ΚΟΝΤΟΥ
|b ΠΑΡΑΣΚΕΥΗ
|z 2008/01/22
|